000 00712nam a22001817a 4500
003 UA-OsUOA
001 14764
007 ta
008 20031019b un ||||| |||| 00| 0 ukr d
100 _aГречко В.
942 _cSA
040 _aUA-OsUOA
_cUA-OsUOA
_dUA-OsUOA
245 _a"Автопромбуд": вчора, сьогодні, завтра: [Дир. навч.-вироб. п-ва "Автопромбуд" В. Гречко розповідає про досягнення та перспективи колективу]
300 _aС.2
955 _a0
773 0 _w0
_tВічеве слово
_dКостопіль
_d2003
_g№35/ 30 серп./
650 7 _aАвтопромбуд
_2UDC
999 _c300928
_d300928